Суд и смех: стихи и проза; сатира, юмор, лирика

Detalles Bibliográficos
Autor principal: Энтелис Н. Я. Николай Яковлевич
Sumario:Исключено из фонда НТБ ТПУ
Lenguaje:ruso
Publicado: Москва, Правда, 1990
Formato: MixedMaterials Libro
KOHA link:https://koha.lib.tpu.ru/cgi-bin/koha/opac-detail.pl?biblionumber=153520

MARC

LEADER 00000nam0a2200000 4500
001 153520
005 20231031151430.0
020 |a RU  |b 90-32963 
035 |a (RuTPU)RU\TPU\book\166549 
090 |a 153520 
100 |a 20090213d1990 m y0rusy5003 ca 
101 0 |a rus 
102 |a RU 
105 |a y z 000ay 
200 1 |a Суд и смех  |e стихи и проза; сатира, юмор, лирика  |f Н. Я. Энтелис 
210 |a Москва  |c Правда  |d 1990 
215 |a 240 с.  |d 20 см 
333 |a Исключено из фонда НТБ ТПУ 
700 1 |a Энтелис  |b Н. Я.  |g Николай Яковлевич  |4 070 
801 0 |a RU  |b RuMRKP  |c 19950417  |g psbo 
801 1 |a RU  |b 63413507  |c 20090213  |g PSBO 
801 2 |a RU  |b 63413507  |c 20170905  |g PSBO 
942 |c BK